Identity and violence: the illusion of destiny (Record no. 5154)

MARC details
000 -LEADER
fixed length control field 00523nam a2200193Ia 4500
020 ## - INTERNATIONAL STANDARD BOOK NUMBER
ISBN 0-713-99938-1
082 ## - DEWEY DECIMAL CLASSIFICATION NUMBER
Classification number 303.6 SEN-I
100 ## - MAIN ENTRY--AUTHOR NAME
Personal name Sen, Amartya
245 #0 - TITLE STATEMENT
Title Identity and violence: the illusion of destiny
260 ## - PUBLICATION, DISTRIBUTION, ETC. (IMPRINT)
Place of publication London
Name of publisher Penguin Books
Year of publication 2006
300 ## - PHYSICAL DESCRIPTION
Number of Pages xx, 215
500 ## - GENERAL NOTE
General note xx, 215
650 ## - SUBJECT ADDED ENTRY--TOPICAL TERM
Topical Term Sen, Amartya
Form subdivision Views on humanity
650 ## - SUBJECT ADDED ENTRY--TOPICAL TERM
Topical Term Indifferentism (Religion)
650 ## - SUBJECT ADDED ENTRY--TOPICAL TERM
Topical Term Violence
Form subdivision Religious aspects
650 ## - SUBJECT ADDED ENTRY--TOPICAL TERM
Topical Term Multiculturism
Form subdivision Religious aspects
650 ## - SUBJECT ADDED ENTRY--TOPICAL TERM
Topical Term Identity
942 ## - ADDED ENTRY ELEMENTS (KOHA)
Koha item type Books
Holdings
Withdrawn status Lost status Damaged status Not for loan Home library Current library Date acquired Source of acquisition Bill Date Full call number Accession Number Price effective from Koha item type
        NASSDOC Library NASSDOC Library 30/06/2006 IBD 2006-06-20 303.6 SEN-I 41915 18/04/2019 Books